| 000 | 00715nam a2200253Ia 4500 | ||
|---|---|---|---|
| 003 | OSt | ||
| 005 | 20221006144048.0 | ||
| 006 | a|||||r|||| 00| 0 | ||
| 007 | ta | ||
| 008 | 221006b |||||||| |||| 00| 0 eng d | ||
| 020 |
_c _8.50 |
||
| 024 | _a10,773 | ||
| 037 | _cTextual | ||
| 040 |
_aEASL _cEASL _beng |
||
| 041 |
_2eng _aeng |
||
| 082 | _aW691:(Y:4:7)0qX3.41.N67, K1 | ||
| 100 | _aLIU Alan P L | ||
| 245 | 0 | _aCommunications and national integration in communist China | |
| 260 |
_aBerkeley _bUniversity of California Press _c1971 |
||
| 300 |
_a225p. _ccm. |
||
| 490 | _v CEL | ||
| 942 |
_hW691:(Y:4:7)0qX3.41.N67, K1 _cTEXL _2CC |
||
| 999 |
_c1078859 _d1078859 |
||